000 00316nam a22001457a 4500
008 210518b ||||| |||| 00| 0 eng d
020 _a9781931579070
041 _aeng
080 _a574
082 _a574
100 _a9
101 _aMJE
245 _aWater Use and Conservation
_cAmy Vickers
942 _2udc
_cBK
999 _c57428
_d57428